000 01525nam1a2200313 i 4500
001 RU\NLR\b_ik\116540
005 20260407063639.0
035 _a(NLR Aleph) 002190164
090 _a2901139
_c2901139
100 _a20040906d20039999k y0rusy50 ba
101 0 _aeng
102 _aRU
105 _a||||z |||||
200 1 _aRussian industry: institutional development
_eAnalytical survey
_fState univ. Higher school of economics
_gEd. by Tatyana G. Dolgopyatova
210 _aM.
_cМАКС Пресс
_d2003
215 _d20
300 _aВ вып. дан.: Российская промышленность: институциональное развитие
320 _aБиблиогр. в подстроч. примеч.
463 1 _1001RU\NLR\b_ik\115835
_1200##$aIss. 1
_0RU\NLR\b_ik\115835
_92892209
_cБ. м.
_d2003
_p208, [1] с.
_tRussian industry: institutional development. - Iss. 1
_y5-7598-0262-3
517 0 _aРоссийская промышленность: институциональное развитие
541 0 _aРоссийская промышленность
_zrus
606 0 _aПромышленность
_yРоссийская Федерация
_92095506
_3RU\NLR\AUTH\661267907
686 4 _aУ30(2)
702 1 _aDolgopjatova
_bT. G.
_gTat'jana Grigor'evna
_4340
712 0 2 _4570
_8eng
_aState university - Higher school of economics
_cMoscow
_7ba
_3RU\NLR\AUTH\8810030992
_9560633
801 0 _aRU
_bNLR
_c20040906
_gPSBO
852 _aNLR
_bИк
_j2004-3/969
942 _cBOOK